-
NEMA,RAJESH KUMAR AND MEYYANATHAN, S.N. (OTHERS)
Entry Personal Name
Number of records used in: 1
001 - CONTROL NUMBER
003 - CONTROL NUMBER IDENTIFIER
005 - DATE AND TIME OF LATEST TRANSACTION
- control field:
20200225143457.0
008 - FIXED-LENGTH DATA ELEMENTS
- fixed length control field:
200225|| aca||aabn | a|a d
040 ## - CATALOGING SOURCE
- Original cataloging agency:
OSt
- Transcribing agency:
OSt
100 ## - HEADING--PERSONAL NAME
- Personal name:
NEMA,RAJESH KUMAR AND MEYYANATHAN, S.N. (OTHERS)
670 ## - SOURCE DATA FOUND
- Source citation:
Work cat.: (OSt): NEMA,RAJESH KUMAR AND MEYYANATHAN, S.N. (OTHERS), A PRACTICAL APPROACH TO PHARMACEUTICAL ANALYSIS: Instrumental and manual( for b . pharmacy and M. Pharmacy students), 2008